Atlas universal de filosofía: manual didáctico de autores textos, escuelas y conceptos filosóficos (Registro nro. 5486)

Detalles MARC
000 -Cabecera
Campo de control de longitud fija 01010ata a2200409 4500
005 - Fecha y hora de la última transacción
Campo de control 20250207125513.0
008 - Elementos de longitud fija--Información general
Campo de control de longitud fija 150514b2003 xxu||||| |||| 00| 0 spa d
041 ## - Idioma
Código de idioma Español
082 ## - Clasificación Decimal Dewey
Número de clasificación R 100 A881a
100 ## - Entrada principal--Autor personal
Nombre personal Gay, José
245 ## - Título propiamente dicho
Título Atlas universal de filosofía: manual didáctico de autores textos, escuelas y conceptos filosóficos
260 ## - Pie de imprenta
Lugar de publicación, distribución, etc. España
Nombre del editor, distribuidor, etc. Océano
Fecha de publicación, distribución, etc. 2003
300 ## - Descripción física
Extensión 1035 páginas
650 ## - Materia general
Temática (materia general) FILOSOFÍA
650 ## - Materia general
Temática (materia general) CHAMANISMO
650 ## - Materia general
Temática (materia general) HOMERO
650 ## - Materia general
Temática (materia general) ARITMOGEOMETRÍA
650 ## - Materia general
Temática (materia general) PLATÓN
650 ## - Materia general
Temática (materia general) EDAD MEDIA
650 ## - Materia general
Temática (materia general) RENACIMIENTO
650 ## - Materia general
Temática (materia general) GRECIA
650 ## - Materia general
Temática (materia general) SOCIEDAD JONICA
650 ## - Materia general
Temática (materia general) SOFISTAS
650 ## - Materia general
Temática (materia general) SOCRATES
650 ## - Materia general
Temática (materia general) MAYEUTICA
650 ## - Materia general
Temática (materia general) EMPIRISMO
650 ## - Materia general
Temática (materia general) POSITIVISMO
650 ## - Materia general
Temática (materia general) PSICOANÁLISIS
650 ## - Materia general
Temática (materia general) METAFÍSICA
650 ## - Materia general
Temática (materia general) DESCARTES
650 ## - Materia general
Temática (materia general) FREUD
650 ## - Materia general
Temática (materia general) CARISMO
650 ## - Materia general
Temática (materia general) SAN AGUSTÍN
650 ## - Materia general
Temática (materia general) HOMBRE SALVAJE
650 ## - Materia general
Temática (materia general) ALMA
942 ## - Punto de acceso adicional KOHA
Tipo de ítem KOHA Referencia
Fuente del sistema de clasificación o colocación Dewey Decimal Classification
Existencias
Signatura completa Código de barras Tipo de ítem
R 100 A881a 14492 Referencia